Pakistan and Islamic Economics (Record no. 350772)

000 -LEADER
fixed length control field 00984cam a2200361 i 4500
001 - CONTROL NUMBER
control field 93115
003 - CONTROL NUMBER IDENTIFIER
control field OSt
005 - DATE AND TIME OF LATEST TRANSACTION
control field 20180116183025.0
008 - FIXED-LENGTH DATA ELEMENTS--GENERAL INFORMATION
fixed length control field 820823s1978 pk b 001 0 eng
010 ## - LIBRARY OF CONGRESS CONTROL NUMBER
LC control number 78930995
020 ## - INTERNATIONAL STANDARD BOOK NUMBER
Terms of availability Rs45.00
035 ## - SYSTEM CONTROL NUMBER
System control number (OCoLC)4858165
035 ## - SYSTEM CONTROL NUMBER
System control number (OCoLC)ocm04858165
035 ## - SYSTEM CONTROL NUMBER
System control number (CStRLIN)NYCG82-B35571
035 ## - SYSTEM CONTROL NUMBER
System control number (NNC)93115
040 ## - CATALOGING SOURCE
Modifying agency NNC
Transcribing agency 0
043 ## - GEOGRAPHIC AREA CODE
Geographic area code a-pk---
050 0# - LIBRARY OF CONGRESS CALL NUMBER
Classification number BP173.75
Item number .I37
082 ## - DEWEY DECIMAL CLASSIFICATION NUMBER
Classification number 297.19785095491 AZA 1978
090 ## - LOCALLY ASSIGNED LC-TYPE CALL NUMBER (OCLC); LOCAL CALL NUMBER (RLIN)
Classification number (OCLC) (R) ; Classification number, CALL (RLIN) (NR) BP173.75
Local cutter number (OCLC) ; Book number/undivided call number, CALL (RLIN) .I37
100 0# - MAIN ENTRY--PERSONAL NAME
Personal name Ikram Azam,
Dates associated with a name 1940-
245 10 - TITLE STATEMENT
Title Pakistan and Islamic Economics
Statement of responsibility, etc. by Ikram Azam.
250 ## - EDITION STATEMENT
Edition statement 1st ed.
260 ## - PUBLICATION, DISTRIBUTION, ETC.
Place of publication, distribution, etc. Lahore :
Name of publisher, distributor, etc. Amir Publications,
Date of publication, distribution, etc. 1978.
300 ## - PHYSICAL DESCRIPTION
Extent 183, [1] p. ;
Dimensions 22 cm.
440 ## - SERIES STATEMENT/ADDED ENTRY--TITLE
Title Pakistan and Islamic Economics
500 ## - GENERAL NOTE
General note Includes index.
504 ## - BIBLIOGRAPHY, ETC. NOTE
Bibliography, etc. note Bibliography: p. 169-178.
650 #0 - SUBJECT ADDED ENTRY--TOPICAL TERM
Topical term or geographic name entry element Economics
General subdivision Religious aspects
-- Islam.
651 #0 - SUBJECT ADDED ENTRY--GEOGRAPHIC NAME
Geographic name Pakistan
General subdivision Economic policy.
942 ## - ADDED ENTRY ELEMENTS (KOHA)
Source of classification or shelving scheme
Koha item type Book
Holdings
Withdrawn status Lost status Source of classification or shelving scheme Damaged status Not for loan Collection code Permanent Location Current Location Shelving location Date acquired Total Checkouts Total Renewals Full call number Barcode Date last seen Date last checked out Price effective from Koha item type
            Central Library (CL) Central Library (CL) Fiction 12/03/2015 2 1 297.19785095491 AZA 1978 NBSD-2213 07/12/2024 01/29/2020 12/03/2015 Book
© 2023 Central Library, National University of Sciences and Technology. All Rights Reserved.